Obstáculos a la justicia laboral en Centroamérica y el Caribe: análisis comparativo /
El acceso a la justicia es uno de los clamores principales de los pueblos centroamericanos y caribeños particularmente, de quienes han sido víctimas de abusos y violaciones a sus derechos fundamentales. Los trabajadores y las trabajadoras se encuentran entre la población que más ha visto vulnerar su...
Guardado en:
| Hovedforfatter: | |
|---|---|
| Andre forfattere: | , |
| Format: | Texto |
| Sprog: | Spanish |
| Udgivet: |
San Salvador :
Iniciativa Regional para la Responsabilidad Social y el Trabajo Digno
2007
|
| Fag: | |
| Tags: |
Tilføj Tag
Ingen Tags, Vær først til at tagge denne postø!
|
MARC
| LEADER | 00000 a a2200000 04500 | ||
|---|---|---|---|
| 001 | 39335 | ||
| 003 | cru CIDCACS/IIS | ||
| 005 | 20230619081553.0 | ||
| 008 | 230619e2007 es ||||| |||| 00| 0 spa d | ||
| 020 | |a [sin ISBN] | ||
| 040 | |c CRAI/IIS | ||
| 090 | |a 04.01.02 O147o | ||
| 100 | |a Valencia, Astrid | ||
| 245 | |a Obstáculos a la justicia laboral en Centroamérica y el Caribe: análisis comparativo / |c Astrid Valencia | ||
| 260 | |a San Salvador : |b Iniciativa Regional para la Responsabilidad Social y el Trabajo Digno |c 2007 | ||
| 300 | |a 67 páginas | ||
| 520 | |a El acceso a la justicia es uno de los clamores principales de los pueblos centroamericanos y caribeños particularmente, de quienes han sido víctimas de abusos y violaciones a sus derechos fundamentales. Los trabajadores y las trabajadoras se encuentran entre la población que más ha visto vulnerar sus derechos y son quienes más insisten en hacer ver la desatención del Estado hacia sus necesidades, mientras la balanza se inclina del lado de los poderosos. El estudio se acerca a dicha realidad basando sus conclusiones en información primaria, tanto de carácter cuantitativa como cualitativa. Se basó en estudios de casos, entrevistas a actores clave y recopilación bibliográfica en los países comprendidos en la zona centroamericana y la República Dominicana. | ||
| 590 | |a RRA/NOVIEMBRE2012 | ||
| 650 | |a ADMINISTRACION DE JUSTICIA | ||
| 650 | |a RELACIONES LABORALES | ||
| 650 | |a CONFLICTOS LABORALES | ||
| 650 | |a ESTUDIOS DE CASOS | ||
| 650 | |a ANALISIS COMPARATIVO | ||
| 650 | |a SISTEMA JUDICIAL | ||
| 650 | |a REPUBLICA DOMINICANA | ||
| 650 | |a AMERICA CENTRAL | ||
| 700 | |a Rubio, Sonia | ||
| 700 | |a Chicas, Francisco | ||
| 942 | |2 ddc |c LI |h 04.01.02 O147o |i 05981 |6 040102_O147O_05981 | ||
| 999 | |c 11428 |d 11428 | ||
